| 000 | 00858cam a22002174a 4500 | ||
|---|---|---|---|
| 001 | 12387064 | ||
| 005 | 20241101180730.0 | ||
| 008 | 000920s2000 enk b 001 0 eng | ||
| 020 | _a0406934134 | ||
| 050 | 0 | 0 |
_aKD1554.Z9 _bB76 2000 |
| 082 | 0 | 0 |
_a346.4102 _221 |
| 100 | 1 | _aBrownsword, Roger. | |
| 245 | 1 | 0 |
_aContract law : _bthemes for the Twenty-First Century / _cRoger Brownsword. |
| 260 |
_aLondon : _bButterworths, _c2000. |
||
| 300 |
_axviii, 237 p. ; _c22 cm. _bIndex |
||
| 650 | 0 |
_aContracts _zGreat Britain. |
|
| 856 | 4 | 2 |
_3Publisher description _uhttp://www.loc.gov/catdir/enhancements/fy0638/2001369327-d.html |
| 856 | 4 | 1 |
_3Table of contents only _uhttp://www.loc.gov/catdir/enhancements/fy0638/2001369327-t.html |
| 856 | 4 | 2 |
_3Contributor biographical information _uhttp://www.loc.gov/catdir/enhancements/fy0724/2001369327-b.html |
| 942 |
_2lcc _cBK _n0 |
||
| 999 |
_c538 _d538 |
||